000 00898cam a2200265 a 4500
001 000006964
005 20200929154031.0
008 850614s1970 sp a b 000 0 spa d
040 _aDO-SdBNP
_bspa
_cBNPHU
041 1 7 _aspa
_heng
082 _a923.134
_bC962i
100 1 _aCublier, Anne.
_919350
240 1 0 _aIndira Gandhi.
_lEspañol
245 1 0 _aIndira Gandhi /
_cAnne Cublier ; traducción al castellano Felipe González Vicén.
260 _aMadrid :
_bGuarrama,
_c1970.
300 _a249 p. :
_bil. ;
_c18 cm.
490 1 _aUniversitaria de Bolsillo :
490 1 _aPunto Omega,
_v108
534 _a[Título en inglés]:
_tIndira Ganhi
504 _aBibliografía: p. 247-249.
600 1 0 _aGANDHI, INDIRA,
_d1917-1984.
_919351
700 1 _aGonzález Vicén, Felipe,
_etr.
_919352
830 0 _aUniversitaria de Bolsillo :
_pPunto Omega,
_v108
_919353
910 _aCatalogación derivada
999 _c6748
_d6748